NFL Players Who Won A SuperBowl-Sudden Death - Statistics

General Stats
  • This quiz has been taken 115 times
  • The average score is 6 of 10
Answers on the Grid
Answers color-coded by a green-red scale on the quiz's grid according to % correct below.
Tom Brady
Michael Vick
Terry Bradshaw
Troy Aikman
Larry Fitzgerald
Barry Sanders
Drew Brees
Junior Seau
Tony Gonzalez
Patrick Mahomes
Kurt Warner
JJ Watt
Santonio Holmes
Trent Williams
Warren Moon
Ray Lewis
Eric Dickerson
Cooper Kupp
Bart Starr
Jim Kelly
 
Answer Stats
Answer % Correct
Tom Brady
100%
Patrick Mahomes
74%
Drew Brees
64%
Troy Aikman
60%
Cooper Kupp
58%
Ray Lewis
57%
Terry Bradshaw
57%
Kurt Warner
49%
Bart Starr
43%
Santonio Holmes
38%
No matching quizzes found
Score Distribution
Percent of People with Each Score
Percentile by Number Answered
Your Score History
You have not taken this quiz